[Играет] Нина Бейлина, скрипка (Запись № 13281843)

Подробности
000 -МАРКЕР
контрольное поле 03463njm0a2200409 4500
001 - ИДЕНТИФИКАТОР ЗАПИСИ
контрольное поле RU\NLR\ONIZ\196186
005 - ИДЕНТИФИКАТОР ВЕРСИИ
контрольное поле 20250708192021.0
035 ## - ДРУГИЕ СИСТЕМНЫЕ НОМЕРА
Идентификатор записи (NLR Aleph) 010403946
071 00 - ИЗДАТЕЛЬСКИЙ НОМЕР
Номер, присвоенный агентством JMR CD 018
100 ## - ДАННЫЕ ОБЩЕЙ ОБРАБОТКИ
Данные общей обработки 20110303d2008 |||y0rusy50 ca
102 ## - СТРАНА ПУБЛИКАЦИИ ИЛИ ПРОИЗВОДСТВА
Страна публикации Российская Федерация
126 ## - ПОЛЕ КОДИРОВАННЫХ ДАННЫХ: ЗВУКОЗАПИСИ - ФИЗИЧЕСКИЕ ХАРАКТЕРИСТИКИ
Кодированные данные звукозаписи (общие) bguxhxu ux
Кодированные данные звукозаписи (уточнения) xxx
127 ## - ПОЛЕ КОДИРОВАННЫХ ДАННЫХ: ПРОДОЛЖИТЕЛЬНОСТЬ ЗВУКОЗАПИСЕЙ И НОТНЫХ ИЗДАНИЙ (МУЗЫКАЛЬНОЕ ИСПОЛНЕНИЕ)
Продолжительность 000063
200 1# - ЗАГЛАВИЕ И СВЕДЕНИЯ ОБ ОТВЕТСТВЕННОСТИ
Основное заглавие [Играет] Нина Бейлина, скрипка
Общее обозначение материала Звукозапись
Первые сведения об ответственности партия фп.: Б. Тищенко
210 ## - ПУБЛИКАЦИЯ, РАСПРОСТРАНЕНИЕ И ДР.
Место издания, распространения и т.д. Saint-Petersbourg
Имя издателя, распространителя и т. д. JMR
Дата издания, распространения и т.д. 2008
215 ## - ФИЗИЧЕСКАЯ ХАРАКТЕРИСТИКА
Специфическое обозначение материала и объем 1 зв. диск (63 мин.), в футл.
Сопроводительный материал прил. (2 с.)
300 ## - ОБЩИЕ ПРИМЕЧАНИЯ
Текст примечания Записи 1990 г. (Лютеранская церковь св. Екатерины, Санкт-Петерб.)
327 1# - ПРИМЕЧАНИЯ О СОДЕРЖАНИИ
Текст примечания 1. Соната = Sonata : для клавира и скрипки : фа мин. : BWV 1018;
-- 2. Соната = Sonata : для клавира и скрипки : до мин. : BWV 1017 / И. С.Бах.
-- 3. Соната = Sonata : для скрипки и клавира : соль мин. : соч. 134 : (1968) / Д.Д. Шостакович
464 #0 - АНАЛИТИЧЕСКИЙ УРОВЕНЬ
Встроенное поле 2001#$aСоната$dSonata$eдля клавира и скрипки$eфа мин.$eBWV 1018$zeng$fИ. С. Бах
-- 6061#$aСонаты для скрипки и клавира$xЗвукозапись$yГермания$z18 век$2nlr_sh
-- 686##$aЩ955.4-041(4Г)$vLBC/SL$2rubbk
-- 700#1$9z01790$aБах$bИ. С.$gИоганн Себастьян$f1685-1750$4230$7ca
-- 790#1$9z01700$aBach$bJ. S.$gJohann Sebastian$f1685-1750$4230$7ba
Заглавие Соната
Автор Бах, Иоганн Себастьян (1685-1750)
464 #0 - АНАЛИТИЧЕСКИЙ УРОВЕНЬ
Встроенное поле 2001#$aСоната$dSonata$eдля клавира и скрипки$eдо мин.$eBWV 1017$fИ. С.Бах$zeng
-- 6061#$aСонаты для скрипки и клавира$xЗвукозапись$yГермания$z18 век$2nlr_sh
-- 686##$aЩ955.4-041(4Г)$vLBC/SL$2rubbk
-- 700#1$9z01790$aБах$bИ. С.$gИоганн Себастьян$f1685-1750$4230$7ca
-- 790#1$9z01700$aBach$bJ. S.$gJohann Sebastian$f1685-1750$4230$7ba
Заглавие Соната
Автор Бах, Иоганн Себастьян (1685-1750)
464 #0 - АНАЛИТИЧЕСКИЙ УРОВЕНЬ
Встроенное поле 2001#$aСоната$dSonata$eдля скрипки и клавира$eсоль мин.$eсоч. 134$e(1968)$zeng$fД.Д. Шостакович
-- 6061#$aСонаты для скрипки и фортепиано$xЗвукозапись$yРоссия$z20 в.$2nlr_sh
-- 686##$aЩ955.4-041(2)$vLBC/SL$2rubbk
-- 700#1$9z01790$aШостакович$bД. Д.$gДмитрий Дмитриевич$f1906-1975$4230$7ca
-- 790#1$9z01700$aŠostakovič$bD. D.$gDmitrij Dmitrievič$f1906-1975$4230$7ba
Заглавие Соната
Автор Шостакович, Дмитрий Дмитриевич (1906-1975)
686 ## - ИНДЕКСЫ ДРУГИХ КЛАССИФИКАЦИЙ
Индекс Щ955.4, 8(2)
Издание LBC/SL
Код системы
700 #1 - ИМЯ ЛИЦА - ПЕРВИЧНАЯ ОТВЕТСТВЕННОСТЬ
Системный номер авторитетной/нормативной записи z06790
Начальный элемент ввода Бейлина
Часть имени, кроме начального элемента ввода Н. М.
Даты 1931-2018
Расширение инициалов личного имени Нина Михайловна
Код отношения Исполнитель
Графика поля Кириллица
702 #1 - ИМЯ ЛИЦА - ВТОРИЧНАЯ ОТВЕТСТВЕННОСТЬ
Системный номер авторитетной/нормативной записи z07790
Начальный элемент ввода Бейлина
Часть имени, кроме начального элемента ввода Н. М.
Даты 1931-2018
Расширение инициалов личного имени Нина Михайловна
Код отношения Композитор
Графика поля Кириллица
702 #1 - ИМЯ ЛИЦА - ВТОРИЧНАЯ ОТВЕТСТВЕННОСТЬ
Системный номер авторитетной/нормативной записи z08790
Начальный элемент ввода Тищенко
Часть имени, кроме начального элемента ввода Б. И.
Даты 1939-2010
Расширение инициалов личного имени Борис Иванович
Код отношения Исполнитель
--
790 #1 - ИМЯ ЛИЦА - АЛЬТЕРНАТИВНАЯ ФОРМА
Системный номер авторитетной/нормативной записи z06700
Начальный элемент ввода Beylina
Часть имени, кроме начального элемента ввода N. M.
Даты 1937
Расширение инициалов личного имени Nina Mixajlovna
Код отношения Исполнитель
Графика поля Латинская
790 #1 - ИМЯ ЛИЦА - АЛЬТЕРНАТИВНАЯ ФОРМА
Системный номер авторитетной/нормативной записи z07702
Начальный элемент ввода Beylina
Часть имени, кроме начального элемента ввода N. M.
Даты 1937
Расширение инициалов личного имени Nina Mixajlovna
Код отношения Композитор
Графика поля Латинская
790 #1 - ИМЯ ЛИЦА - АЛЬТЕРНАТИВНАЯ ФОРМА
Системный номер авторитетной/нормативной записи z08702
Начальный элемент ввода Tičšenko
Часть имени, кроме начального элемента ввода B.
Даты 1939-2010
Расширение инициалов личного имени Boris
Код отношения Исполнитель
--
801 #0 - ИСТОЧНИК ЗАПИСИ
Страна Российская Федерация
Организация NLR
Дата составления 20110303
Правила каталогизации PSBO
801 #1 - ИСТОЧНИК ЗАПИСИ
Страна Российская Федерация
Организация NLR
Дата составления 20110303
Источник данных rusmarc
801 #2 - ИСТОЧНИК ЗАПИСИ
Страна Российская Федерация
Организация NLR
Дата составления 20151105
852 ## - МЕСТОНАХОЖДЕНИЕ И ШИФР ХРАНЕНИЯ
Идентификатор организации NLR
Наименование фонда или коллекции (Sub-Location Identifier) Мг
Шифр хранения (Call Number) Д/1078
Страна
Номер экземпляра 1
942 ## - ДОПОЛНИТЕЛЬНЫЕ ЭЛЕМЕНТЫ ЗАПИСИ (АБИС)
Тип экземпляра АБИС Звукозапись
980 ## - КОЛЛЕКЦИЯ
Название коллекции Национальная библиография
980 ## - КОЛЛЕКЦИЯ
Название коллекции Отдел нот и звукозаписей
Экземпляры
Тип экземпляра Дата поступления Библиотека постоянного хранения Библиотека текущего хранения Место хранения Шифр хранения Статус экземпляра
Звукозапись 03.03.2011 РНБ (Московский) РНБ (Московский) Фонд нот и звукозаписей Д/1078 Д/1078